| 000 | 00616nam a2200217#a 4500 | ||
|---|---|---|---|
| 001 | 02442 | ||
| 003 | HDC | ||
| 007 | ta | ||
| 008 | 230623s2006 xx 000 0 eng d | ||
| 040 | _aHDC | ||
| 050 |
_aTX 531 _b.K46 2007 |
||
| 110 | _aKementerian Kesihatan Malaysia | ||
| 245 | 0 |
_aPanduan kebersihan & keselamatan makanan / _cKementerian Kesihatan Malaysia |
|
| 264 |
_aMalaysia : _bBahagian Keselamatan & Kualiti Makanan, Kementerian Kesihatan Malaysia, _c2006 |
||
| 300 |
_a32p. : _b ill. ; _c 20cm |
||
| 650 |
_aFood _xQuality |
||
| 942 | _2lcc | ||
| 942 | _cBK | ||
| 942 | _kTX 531 | ||
| 942 | _m.K46 2007 | ||
| 999 |
_c24001 _d24001 |
||